Statistics for Country Names Inside Others

Click here to take the quiz!

General Stats

  • This quiz has been taken 18 times
  • The average score is 8 of 9

Answer Stats

Name Inside CountryCountry% Correct
DOMINICADOMINICAN REPUBLIC
100%
NIGERNIGERIA
100%
REPUBLIC OF THE CONGODRC
93%
SUDANSOUTH SUDAN
93%
GUINEAEQUATORIAL GUINEA
87%
GUINEAGUINEA-BISSAU
87%
GUINEAPAPUA NEW GUINEA
87%
MALISOMALIA
87%
OMANROMANIA
60%

Score Distribution

Percentile by Number Answered

Percent of People with Each Score

Your Score History

You have not taken this quiz